Statistics for How I Met Your Mother Characters, Ordered by number of episodes

Click here to take the quiz!

General Stats

  • This quiz has been taken 1,248 times
  • The average score is 14 of 29

Answer Stats

HintAnswer% Correct
208 EpisodesTed Mosby
97%
208 EpisodesBarney Stinson
96%
208 EpisodesLily Aldrin
91%
208 EpisodesMarshall Ericksen
89%
208 EpisodesRobin Scherbatsky
82%
12 EpisodesStella
82%
17 EpisodesVictoria
75%
19 EpisodesCarl
67%
21 EpisodesRanjit
64%
17 EpisodesWendy the Waitress
60%
13 EpisodesZoey Pierson
60%
14 EpisodesJames Stinson (Barney's brother)
56%
25 EpisodesTracy McConnell (the Mother)
54%
11 EpisodesLoretta (Barney's Mom)
49%
12 EpisodesMarvin Sr. (Marshall's Dad)
48%
10 EpisodesNora
44%
11 EpisodesQuinn (Barney's Stripper Fiance'
42%
12 EpisodesMickey Aldrin (Lily's Dad)
38%
10 EpisodesKevin (Robin's Therapist Boyfriend)
37%
15 EpisodesJudy (Marshall's Mom)
31%
10 EpisodesSandy Rivers
28%
12 EpisodesPatrice
26%
65 EpisodesTed's daughter
21%
65 EpisodesTed's son
21%
8 EpisodesArthur Hobbs (Barney and Marshall's Boss at GNB)
10%
11 EpisodesMarcus (Marshall's Brother)
10%
11 EpisodesLinus
4%
8 EpisodesDaphne
3%
10 EpisodesMike the Cameraman (Robin's morning news show)
3%

Score Distribution

Percentile by Number Answered

Percent of People with Each Score

Your Score History

You have not taken this quiz